Operačná analýza

Salvato in:
Dettagli Bibliografici
Autori principali: Slezák, Ervín (Autore), Hromníková, Mária, 1940- (Autore)
Natura: Libro
Lingua:slovacco
Pubblicazione: Bratislava : SVŠT v Bratislave, 1977
Edizione:3.vyd.
Tags: Aggiungi Tag
Nessun Tag, puoi essere il primo ad aggiungerne!!

MARC

LEADER 00000nam a22000003a 4500
001 stu91504
005 20150617225621.2
008 041111s1977----cs------------------slo-d
040 |a STU  |b slo 
041 0 |a slo 
044 |a cs 
080 |a 519.8(075.8) 
080 |a 65.012.122(075.8) 
100 1 |a Slezák, Ervín  |4 aut 
245 1 |a Operačná analýza 
250 |a 3.vyd. 
260 |a Bratislava :  |b SVŠT v Bratislave,  |c 1977 
300 |a 388 s 
700 1 |a Hromníková, Mária,  |d 1940-  |4 aut  |u V230  |U SvF Stavebná fakulta  |T SvF Katedra ekonomiky a riadenia stavebníctva  |X 895  |U V230|V230  |Y 24  |7 A000000895 
996 |b 284V025130  |c V*2819/S-78  |l VVS  |s A  |a 24  |w stu91504_0001 
996 |b 284V025127  |c V*2772/S-78  |l VVS  |s A  |a 24  |w stu91504_0002